| 000 | 00411 a2200157 4500 | ||
|---|---|---|---|
| 999 |
_c321301 _d321301 |
||
| 001 | 86228 | ||
| 003 | NUST | ||
| 005 | 20180122100218.0 | ||
| 008 | 180122b xxu||||| |||| 00| 0 eng d | ||
| 020 | _a9789693505924 | ||
| 082 | _a891.4392 ASH | ||
| 100 |
_aAshfaq Ahmed _9651 |
||
| 245 |
_aMEHMAN SARAI (مہمانسر ائے ) _cAshfaq Ahmed |
||
| 250 | _a1st | ||
| 260 |
_aLahore _bSang e Meel _c2007 |
||
| 300 | _a213p. | ||
| 500 | _aGeneral Collection | ||
| 942 |
_aCAE NUST _cBK _k891.4392 ASH _2ddc |
||